书目信息 |
| 题名: |
现代海洋经济发展与海事司法服务保障
|
|
| 作者: | 崔亚东 主编 | |
| 分册: | ||
| 出版信息: | 北京 法律出版社 2014 |
|
| 页数: | 629页 | |
| 开本: | 23cm | |
| 丛书名: | 中国审判理论研究丛书 | |
| 单 册: | ||
| 中图分类: | D925.704-53 | |
| 科图分类: | ||
| 主题词: | 海事仲裁--Hai Shi Zhong Cai--中国--文集 | |
| 电子资源: | ||
| ISBN: | 978-7-5118-5804-7 | |
| 000 | 01235nam0 22002651 450 | |
| 001 | 0101082556 | |
| 005 | 20161201104744.64 | |
| 010 | @a978-7-5118-5804-7@dCNY98.00 | |
| 100 | @a20141229d2014 em y0chiy50 ea | |
| 101 | 0 | @achi |
| 102 | @aCN@b110000 | |
| 105 | @ay z 000yy | |
| 106 | @ar | |
| 200 | 1 | @a现代海洋经济发展与海事司法服务保障@AXian Dai Hai Yang Jing Ji Fa Zhan Yu Hai Shi Si Fa Fu Wu Bao Zhang@dDevelopment of modern ocean economics and maritime judicial protection@f崔亚东主编@zeng |
| 210 | @a北京@c法律出版社@d2014 | |
| 215 | @a629页@d23cm | |
| 225 | 2 | @a中国审判理论研究丛书@AZhong Guo Shen Pan Li Lun Yan Jiu Cong Shu@v20 |
| 330 | @a本书是中国审判理论研究会海事海商审判理论专业委员会2013年年会论文的汇编。围绕“航运交易创新与海事司法规制”、“海洋生态建设与海事司法保护”和“海事纠纷解决机制的创新与完善”三个主题展开深入研究,为海事司法提供理论和实务引导。 | |
| 461 | 0 | @12001 @a中国审判理论研究丛书@v20 |
| 510 | 1 | @aDevelopment of modern ocean economics and maritime judicial protection@zeng |
| 606 | 0 | @a海事仲裁@AHai Shi Zhong Cai@y中国@j文集 |
| 690 | @aD925.704-53@v5 | |
| 701 | 0 | @a崔亚东@ACui Ya Dong@f(1954~)@4主编 |
| 801 | 0 | @aCN@bTANGWEI@c20161128 |
| 905 | @b0952613-6@dD925.704-53@e655@f4 | |
| 现代海洋经济发展与海事司法服务保障=Development of modern ocean economics and maritime judicial protection/崔亚东主编.-北京:法律出版社,2014 |
| 629页;23cm.-(中国审判理论研究丛书;20) |
| ISBN 978-7-5118-5804-7:CNY98.00 |
| 本书是中国审判理论研究会海事海商审判理论专业委员会2013年年会论文的汇编。围绕“航运交易创新与海事司法规制”、“海洋生态建设与海事司法保护”和“海事纠纷解决机制的创新与完善”三个主题展开深入研究,为海事司法提供理论和实务引导。 |
| ● |
| 相关链接 |
|
|
|
|
正题名:现代海洋经济发展与海事司法服务保障
索取号:D925.704-53/655
 
预约/预借
| 序号 | 登录号 | 条形码 | 馆藏地/架位号 | 状态 | 备注 |
| 1 | 0952613 | 209526137 | 第一样本阅览室/ [索取号:D925.704-53/655] | 在馆 | |
| 2 | 0952614 | 209526146 | 第一借阅区/ [索取号:D925.704-53/655] | 在馆 | |
| 3 | 0952615 | 209526155 | 密集书库-史法系/ [索取号:D925.704-53/655] | 在馆 | |
| 4 | 0952616 | 209526164 | 第一借阅区/ [索取号:D925.704-53/655] | 在馆 |